00847nam a2200205 i 4500001000300000245006600003260004600069300002800115490007900143500011200222504002600334650001400360700002900374830006800403040000800471041001100479080001200490008004100502856009800543bg00aTechnika mikrofalowa /c[oprac. redakcyjne Kazimiera Kręc]. aWarszawa :bOficyna Wydawnicza PW,c2001. a119 s. :bil. ;c24 cm.1 aPrace Naukowe / Politechnika Warszawska. Elektronika,x0137-2343 ;vz. 129 aW nagł. nazwa serii: Prace Naukowe Politechniki Warszawskiej. - Opis wg okł. - Streszcz. ang. przy rozdz. aBibliogr. przy rozdz. 9aMikrofale1 aKRĘC, Kazimiera.eRed. 0aPrace Naukowe (Politechnika Warszawska).pElektronika ;vz. 129 cBPK0 aplben a621.396 s pl f |000 0 pol  uhttp://koha.tu.koszalin.pl/cgi-bin/koha/opac-detail.pl?biblionumber=40626yKatalog online BPK